| 000 | 00568nam a22001577a 4500 | ||
|---|---|---|---|
| 003 | OSt | ||
| 005 | 20250507115431.0 | ||
| 008 | 250507b |||||||| |||| 00| 0 eng d | ||
| 040 | _aSEKU | ||
| 050 |
_aS604.3 _b.R47 |
||
| 245 |
_aResource book on sustainable agriculture for the uplands _cedited by Lyn N. Capistrano, Janet Durno, Ilya Moeliono |
||
| 260 |
_a[Silang, Cavite] : _b International Institute of Rural Reconstruction, _c1990. |
||
| 300 | _a199 p. : ill. | ||
| 650 |
_2Hill farming- _xustainable agriculture _zSoutheast Asia- _zCongresses |
||
| 942 |
_2lcc _cGEN |
||
| 999 |
_c18542 _d18542 |
||